Städte und Gemeinden im Landkreis Uelzen mit Karte - Statistiken

Allgemein
  • Dieses Quiz wurde 176 mal gespielt
  • Das Durchschnittsergebnis liegt bei 15 aus 27
Antworten auf der Karte
Die Antworten werden auf der Karte rot bzw. grün angezeigt, abhängig davon wie oft sie richtig erraten wurden.
 
Antwortstatistiken
Stadt oder Gemeinde % Korrekt
Uelzen
93%
Bienenbüttel
82%
Bad Bevensen
75%
Ebstorf
75%
Bad Bodenteich
73%
Rosche
70%
Suderburg
70%
Wrestedt
64%
Wriedel
64%
Himbergen
59%
Barum
57%
Weste
57%
Lüder
55%
Suhlendorf
55%
Eimke
50%
Jelmstorf
50%
Altenmedingen
48%
Gerdau
48%
Römstedt
48%
Soltendieck
48%
Emmendorf
45%
Hanstedt
43%
Oetzen
43%
Rätzlingen
41%
Stoetze
41%
Natendorf
34%
Schwienau
27%
Keine übereinstimmenden Quizze gefunden
Verteilung der Resultate
Anzahl Personen mit jedem Resultat
Perzentil nach korrekt beantworteten Fragen
Ihre Resultats-Entwicklung
Sie haben dieses Quiz noch nicht gespielt